| 000 | 01747nam a2200325 c 4500 | ||
|---|---|---|---|
| 003 | BLK | ||
| 005 | 20191028100156.0 | ||
| 008 | 180411b bul|||||r ||||||| ||bul|| | ||
| 010 | _aKNG00182952000 | ||
| 040 | _aBLK | ||
| 041 |
_aBUL _cBUL |
||
| 080 |
_aРадиоактивни елементи Проактиний Pa;актиний Ac;трансуранови елементи;нептуний Np;плутоний Pu;америций Am;кюрий Cm;беркелий Bk;калифорний Cf;айнщайний E;фермий Fm;менделевий Md;нобелий No;лауренций Lw. _b546.79 _x(02.062) _z546.79(02.062) |
||
| 100 | 1 |
_aФльоров, Георги Николаевич _eпърви автор _9134476 |
|
| 700 | 1 |
_aИлинов, Александър Сергеевич _eсъавт. _9339776 |
|
| 700 | 1 |
_aГригорова, Ана _eпрев. от рус. _9369351 |
|
| 139 |
_aФльоров, Георги Николаевич и др. _bФ 65 |
||
| 245 | 1 | 0 |
_aПо пътя към свръхелементите _bНауч.-попул. четиво _cГеорги Николаевич Фльоров; съавт. Александър Сергеевич Илинов; прев. от рус. Ана Григорова. |
| 257 | _aSUN | ||
| 260 |
_аСофия _bНар. просв. _c1981 |
||
| 300 |
_a120 с. _bс ил. _c17 см |
||
| 380 | _a5 | ||
| 500 | _aОриг. загл. На пути к сверхэлементам. - Офс. изд. - 2 605 тир. | ||
| 650 | 4 |
_aХимически елементи _9339625 |
|
| 653 | _aсвръхелементи | ||
| 852 | _aЦб І 18921 | ||
| 856 | 4 |
_qpdf _u |
|
| 856 | 4 |
_qpdf _u |
|
| 942 |
_cKNG _n0 _01 |
||
| 944 |
_aCR _c30.09.2015 _kКети_Илиева |
||
| 944 |
_aED _c30.09.2015 _kКети_Илиева |
||
| 999 |
_c174466 _d174466 |
||